| 000 -ლიდერი |
| ფიქსირებული სიგრძის საკონტროლო ველი |
01339nam a22001817a 4500 |
| 003 - საკონტროლო ნომრის იდენტიფიკატორი |
| საკონტროლო ველი |
Ge_BSU |
| 005 - ბოლო ოპერაციის თარიღი და დრო |
| საკონტროლო ველი |
20260126210249.0 |
| 008 - ფიქსირებული სიგრძის მონაცემთა ელემენტები - ზოგადი ინფორმაცია |
| ფიქსირებული სიგრძის საკონტროლო ველი |
260126s2026 ge ||||| |||| 00| 0 geo d |
| 041 ## - ენის კოდი |
| Language code of text/sound track or separate title |
geo |
| 080 ## - უნივერსალური ათობითი კლასიფიკაციის ინდექსი |
| Universal Decimal Classification number |
82 კ-73 |
| 100 ## - მთავარი ჩანაწერი - პიროვნების სახელი |
| Personal name |
კონცელიძე, ზეინაბ |
| 9 (RLIN) |
26739 |
| 245 ## - ცნობა სათაურის შესახებ |
| Title |
ტყუილის ლინგვო-პრაგმატიკული თავისებურებები განათლების დისკურსში : |
| Remainder of title |
დისერტაცია / |
| Statement of responsibility, etc |
ზეინაბ კონცელიძე; სამეცნიერო ხელმძღვანელი ნათია ქთამაძე; ბსუ. ჰუმანიტარულ მეცნიერებათა ფაკულტეტი. ევროპეისტიკის დეპარტამენტი. |
| 653 ## - INDEX TERM--UNCONTROLLED |
| Uncontrolled term |
დისერტაცია |
| 653 ## - INDEX TERM--UNCONTROLLED |
| Uncontrolled term |
ინგლისური ფილოლოგია |
| 700 ## - ADDED ENTRY--PERSONAL NAME |
| Personal name |
ქთამაძე, ნათია |
| Relator term |
სამეცნიერო ხელმძღვანელი |
| 9 (RLIN) |
26740 |
| 710 ## - ADDED ENTRY--CORPORATE NAME |
| Corporate name or jurisdiction name as entry element |
ბსუ. |
| Subordinate unit |
ჰუმანიტარულ მეცნიერებათა ფაკულტეტი. ევროპეისტიკის დეპარტამენტი. |
| 9 (RLIN) |
25564 |
| 942 ## - ADDED ENTRY ELEMENTS (KOHA) |
| Source of classification or shelving scheme |
|
| Koha item type |
დისერტაცია |